000 00750nam a2200277Ia 4500
005 20260324140623.0
008 008 260324s9999 xx 000 0 eng d
020 _a9780138737689
037 _aEBOOK
040 _aCRL
040 _beng
040 _cCRL
041 _2eng
041 _aeng
084 _qCRL
100 _aO. Homer Erekson; Jan Willem Bol; Raymond F. Gorman; Pamela C. Johnson; Timothy C. Krenbiel; Orie L. Loucks
_91205100
245 0 _aSustainability Perspectives for Resources and Business
260 _bTaylor and Francis
260 _c1998
365 _a
365 _b460
856 _uhttp://www.taylorfrancis.com/books/9780138737689
942 _cEBOOK
999 _c1807344
_d1807344